000 00751cam a22002414a 4500
001 13031053
005 20171220034030.0
008 021216s2004 maua 001 0 eng
010 _a 2002155909
020 _a007243810X (hbk : alk. paper)
040 _aDLC
_cDLC
_dDLC
041 _aeng
042 _apcc
080 _a611 EDE
082 0 0 _a611 EDE
_221
100 _a7
101 _aANA
245 0 0 _aLaboratory atlas of anatomy and physiology /
_cDouglas J. Eder, Shari Lewis Kaminsky, John W. Bertram [editors].
246 3 0 _aAnatomy and physiology
906 _a7
_bcbc
_corignew
_d1
_eecip
_f20
_gy-gencatlg
942 _2ddc
_cBK
999 _c39192
_d39192